Dumb Test - Statistics

General Stats
  • This quiz has been taken 158 times
  • The average score is 12 of 15
Answer Stats
Question Answer % Correct
Which of these is not a country? Africa
97%
Who owns the World Record 100m sprint? Usain Bolt
97%
What is the Capital City of the USA? Washington D.C.
97%
What is the currency of Japan? Yen
97%
What is Pi (π) to 2 decimal places? 3.14
96%
What is 6 x 7 42
95%
What year did humans first land on mars? They haven't
93%
How many years is in a century? 100 years
91%
What year did humans first land on the moon? 1969
80%
Which of these is not a type of petrol? (gas) Sucrose
80%
Which of these letters is not a Roman numeral? G
79%
How many days are in a Fortnight? 14
77%
What company owns Fanta? Coca-Cola
69%
Which of these countries is in NATO? France
26%
What is "goodbye" in French? All of the above
11%
No matching quizzes found
Score Distribution
Percent of People with Each Score
Percentile by Number Answered
Your Score History
You have not taken this quiz